000 00463nam a2200169Ia 4500
008 230917s9999||||xx |||||||||||||| ||und||
020 _cRS1700
040 _e221761
_aMAIN
041 _aEnglish
082 _a664.024 B469F
100 _aBhatt, Devendra Kumar
245 0 _aFood processing: Fruits of India
260 _aNew Delhi
_bShree Publishers
_c2013
300 _avi, 199 p.
500 _a1759 02/01/2015 INDICA0753 02/01/2015 Main Budget
942 _cBK
999 _c13176
_d13176